000 00362nam a2200145Ia 4500
008 210210b1957 xxu||||| |||| 00| 0 eng d
082 _a824 LADS
100 _aLADY BIRD BOOK SERIES
245 _aSir Walter Raleigh.
260 _aEngland
_bWills & Hepworth Ltd.
_c1957
300 _a50
650 _aWalter Raleigh
690 _aEnglish Prose
906 _a037739
999 _c87990
_d87990